| 000 | 01083nam a22003497a 4500 | ||
|---|---|---|---|
| 001 | 0004200 | ||
| 003 | KOHA_MİRAKIL | ||
| 005 | 20260207001403.0 | ||
| 007 | ta | ||
| 008 | 090420b1996 tu |||gr||||#||||0|tur | | ||
| 020 |
_a9757539252 _c0,01 |
||
| 040 |
_aTR-BiSEU _btur _cTR-BiSEU _erda |
||
| 041 | 0 | _atur | |
| 044 | _ctu | ||
| 050 |
_aHD2746.5 _b.Z49 1996 |
||
| 100 | 1 | _aZeybek, Yasemin. | |
| 245 | 1 |
_aBorçlanarak gerçekleştirilen şirket satın almaları/ _cYasemin Zeybek ; Yasemin Zeybek. |
|
| 264 | 1 |
_aAnkara : _bSPK,1996. _c1996 |
|
| 300 | _a80 sayfa | ||
| 336 |
_ametin _btxt _2rdacontent |
||
| 337 |
_aaracısız _bn _2rdamedia |
||
| 338 |
_acilt _bnc _2rdacarrier |
||
| 490 | 1 |
_aYayın /Sermaye Piyasası Kurulu ; _vno.28 |
|
| 500 | _aKaynakça var. | ||
| 650 | 0 |
_aLeveraged buyouts. _910285 |
|
| 650 | 0 |
_aLeveraged buyouts--Case studies. _910286 |
|
| 650 | 0 |
_aRisk sermayesi. _98854 |
|
| 650 | 0 |
_aYatırım analizi. _94028 |
|
| 650 | 0 |
_aŞirketler--Değerleme. _910287 |
|
| 830 | 1 |
_aYayın /Sermaye Piyasası Kurulu ; _vno.28 _910288 |
|
| 942 |
_2lcc _cBK |
||
| 999 |
_c4183 _d4183 |
||